000 00468nam a2200169 a 4500
005 20140412111413.0
008 070221s19uu xx 00 eng d
020 _a0-7641-5814-7
050 _aTR(PS E
_bBa11 2005
100 _aDodson, Emma
245 _aBadly drawn dog /
_cEmma Dodson.
260 _aLondon :
_bBarron's educational series,
_c2005.
650 _aDogs-fiction
650 _aSelf acceptance-fiction
650 _aChildren stories
999 _c105739
_d105739